000 00747cam a2200277 4500
001 WB3802-17
008 020116n2002 000 0 eng u
035 _a(Sirsi) u116343
245 _aGermany
260 _c2002
490 _aRICS European Economic Brief
_vWinter/Spring 2001/2, 2(1)
520 _aEconomic brief on the German property market.
590 _aWB
650 _aGERMANY
650 _aEURO AREA
650 _aRICS UK ECONOMIC BRIEF
650 _aRESIDENTIAL SECTOR
650 _aHOUSE BUILDING
650 _aPROPERTY-COMMERCIAL PROPERTY
650 _aOFFICE SECTOR
650 _aINDUSTRIAL SECTOR
650 _aRENTAL GROWTH
650 _aMANUFACTURING SECTOR
690 _aINTERNATIONAL-EUROPE
942 _n0
999 _c69297
_d69297